000
00309nam a22001457a 4500
008
210518b ||||| |||| 00| 0 eng d
020
_a
9780143039105
041
_a
eng
080
_a
82
082
_a
82
100
_a
21
101
_a
GJL
245
_a
Complete Short Stories
_c
Greene,G
942
_2
udc
_c
BK
999
_c
57411
_d
57411